000 00668nam a22001935i 4500
001 159725
003 ES-MaACL
005 20250728111239.0
008 940202s1881 sp |||| | spa d
100 1 _aMir, Miguel (
_d1841-1912)
_981426
245 1 0 _aHarmonía entre la ciencia y la fe /
_censayo escrito por el P. Miguel Mir, de la Compañía de Jesús.
246 3 _aArmonía entre la ciencia y la fe
260 _aMadrid :
_b[s.n.],
_c1881 (
_fManuel Tello)
300 _a374 p. ;
_c22 cm.
597 _aPort. a dos tintas.
650 7 _aReligión y ciencia
_2embne
_916806
852 _aES-MaACL
_jG-9788
_z- Enc. hol.
999 _c159725
_d159725